|
|
|
|
| LEADER |
01063nam a22002411 4500 |
| 001 |
c000194725 |
| 003 |
CARM |
| 005 |
20021125001700.0 |
| 008 |
851003s1967 pau 0 eng d |
| 019 |
1 |
|
|a 3965068
|5 LACONCORD2021
|
| 035 |
|
|
|a (OCoLC)216896397
|5 LACONCORD2021
|
| 100 |
1 |
|
|a Stevens, Benjamin H.
|
| 245 |
1 |
0 |
|a Industrial location :
|b a review and annotated bibliography of theoretical /
|c empirical and case studies by B.H.Stevens, and C.A.Brackett.
|
| 260 |
|
|
|a Philad. :
|b Regional Science Research Institute,
|c 1967.
|
| 490 |
1 |
|
|a Bibliography series ; / (Regional Science Research Institute
|
| 650 |
|
0 |
|a Industrial location
|x Bibliography.
|
| 650 |
|
0 |
|a Regional planning
|x Bibliography.
|
| 700 |
1 |
|
|a Brackett, Carolyn A.
|
| 830 |
|
0 |
|a Bibliography series (Regional Science Research Institute).
|
| 852 |
8 |
|
|b CARM
|h A2:AL27B0
|i B05947
|p 0285596
|f BK
|
| 082 |
0 |
4 |
|a 910
|
| 999 |
f |
f |
|i 7fb7cf18-57f9-58cd-8db2-64984084747a
|s 5e00abcd-7f6b-524e-b27b-f86dd27b10e0
|
| 952 |
f |
f |
|p Can circulate
|a CAVAL
|b CAVAL
|c CAVAL
|d CARM 1 Store
|e B05947
|f A2:AL27B0
|h Other scheme
|i book
|m 0285596
|